Responses for Show #2843 - Wednesday, January 1, 1997

Claudia Perry game 1-B.

Contestants

[<< previous game]

Jody Hart, an engineer from San Clemente, California

Claudia Perry, a pop music critic from San Jose, California

Cindy Giddle, a community college professor from Philadelphia, Pennsylvania (whose 1-day cash winnings total $11,201)

[next game >>]

Jeopardy! Round responses

NOTABLE WOMEN
MYTHOLOGY
BANDS OF THE '80s
THE KOREAN WAR
GUINNESS RECORDS
COMMON BONDS
    $100 12
Eleanor Roosevelt

Jody
    $100 10
Cyclops

Cindy
    $100 2
Liverpool

Cindy
    $100 26
Missing in Action

Jody
    $100 21
George Washington

Cindy
    $100 1
sticks

Claudia
    $200 13
China

Claudia
    $200 15
sun

Jody
    $200 5
Guns N' Roses

Jody
    $200 27
helicopters

Cindy
    $200 22
frog

Jody
    $200 3
slips

Cindy
    $300 14
bees

Jody
    $300 16
wolf

Jody
    $300 6
George Michael

Claudia
    $300 28
M*A*S*H units

Claudia
    $300 23
arrow

Claudia
    $300 4
orange

Claudia
    $400 19
lighthouse

Claudia
    $400 17
Juno

Cindy
    $400 7
Benny and Joon

Claudia
    $400 29
Congressional Medal of Honor

Jody
    $400 24
shaved them

Cindy
    $400 9
worms

Jody
    $500 20
actress (Sarah Siddons)

Cindy
    $500 18
Furies

Claudia
    $500 8
New Edition

Claudia
    $1,000 30
Inchon

Jody
    $500 25
ties

Claudia
    $500 11
bills

Claudia

Scores at the first commercial break (after clue 15):

Cindy Claudia Jody
$400 $2,300 $1,200

Scores at the end of the Jeopardy! Round:

Cindy Claudia Jody
$2,000 $4,300 $3,200

Double Jeopardy! Round responses

THEY ALSO RAN
PLAYS & PLAYWRIGHTS
COUNTRIES OF THE WORLD
FOREST PRODUCTS
PEOPLE
SPEAKING HINDI
    $200 2
slavery

Jody
    $200 1
Yonkers

Claudia
    $200 3
Scotland

Claudia
    $200 21
balsa

Claudia
    $200 16
Arnold Schwarzenegger

Cindy
    $200 26
(Cindy: What is an emir?)
(Claudia: What is a sultan?)
(we have less than a minute to go, Claudia...)

maharajah

CindyClaudia
Triple Stumper
    $400 12
(Cindy: What is Temperance?)

Prohibition Party

Cindy
Triple Stumper
    $400 4
Who's Afraid of Virginia Woolf?

Claudia
    $400 8
Egypt

Jody
    $400 22
ash

Claudia
    $400 17
Bill Clinton

Jody
    $400 27
yoga

Claudia
    $600 13
(Jody: Who was Eugene McCarthy?)

George Wallace

ClaudiaJody
    $600 5
rhinoceroses

Cindy
    $600 9
Bangladesh

Claudia
    $1,000 23
(Claudia: What is pine?)

spruce

Claudia
    $600 18
(Cindy: Who is Jensen?)
(Claudia: Who is Don Hansen?)

Dan Jansen

CindyClaudiaJody
    $600 28
mynah bird

Triple Stumper
    $800 14
Henry Wallace

Cindy
    $800 6
William Inge

Cindy
    $800 10
Germany

Jody
    $800 24
birch

Jody
    $800 19
Robert James Waller

Cindy
    $800 29
tandoor

Claudia
    $1000 15
Strom Thurmond

Jody
    $1000 7
(Jody: Who is Ibsen?)

August Strindberg

ClaudiaJody
    $1,800 11
(Jody: What is Sweden?)

Albania

Jody
    $1000 25
oak

Claudia
    $1000 20
Eugenie

Claudia
    $1000 30
ghee

Cindy

Scores at the end of the Double Jeopardy! Round:

Cindy Claudia Jody
$5,000 $9,300 $4,000

[wagering suggestions for these scores]

Final Jeopardy! Round responses

AUTHORS
(Alex: Congratulations, Claudia - we'll see you tomorrow, when you defend for the first time. So long, everybody - Happy New Year!)
JodyWho is John Grisham
$1,000
CindyWho is Turow
$5,000
ClaudiaWho is John Grisham?
$801
John Grisham

Final scores:

Cindy Claudia Jody
$0 $10,101 $5,000
3rd place: Klipsch Rebel Speakers audio equipment New champion: $10,101 2nd place: Trip to Orlando, Florida/Disney World

Game dynamics:

Coryat scores:

Cindy Claudia Jody
$5,000 $10,300 $5,300
14 R,
3 W
24 R,
3 W
(including 1 DD)
17 R
(including 1 DD),
3 W
(including 1 DD)

Combined Coryat: $20,600

[game clues] [game scores] [suggest correction]

Game tape date: 1996-10-24
The J! Archive is created by fans, for fans. Scraping, republication, monetization, and malicious use prohibited; this site may use cookies and collect identifying information. See terms. The Jeopardy! game show and all elements thereof, including but not limited to copyright and trademark thereto, are the property of Jeopardy Productions, Inc. and are protected under law. This website is not affiliated with, sponsored by, or operated by Jeopardy Productions, Inc. Join the discussion at JBoard.tv.